| Поле | Название | Значение |
| |
Тип записи |
i |
| |
Библиографический уровень |
m |
| 001 |
Контрольный номер |
RU/IS/BASE/469297821 |
| 005 |
Дата корректировки |
20201206204932.6 |
| 010 |
Индекс ISBN |
__ |
| a |
ISBN |
978-5-9677-1870-0 (в кор.) |
| d |
Цена |
204-75 |
| 100 |
Данные общей обработки |
__ |
| a |
Данные общей обработки |
19141114d2013||||||| 0rusy0189 ca |
| 101 |
Язык документа |
0_ |
| a |
Язык текста |
rus |
| 102 |
Страна публикации |
__ |
| a |
Страна публикации |
ru| |
| 105 |
Кодированные данные (монография) |
__ |
| a |
Кодированные данные (монография) |
nn|||||||z|zy |
| 127 |
Кодированные данные (звукозаписи-физические характеристики) |
__ |
| a |
Продолжительность проигрывания |
01 ч 00 мин |
| 200 |
Заглавие и сведения об ответственности |
1_ |
| a |
Заглавие |
Наследник торгового дома |
| e |
Сведения, относящиеся к заглавию |
[радиоспектакль по роману Чарльза Диккенса "Домби и сын" : 12+] |
| f |
Первые сведения об ответственности |
[исполнители: Всеволод Якут и др.] |
| b |
Общее обозначение материала |
Звукозапись |
| 210 |
Выходные данные |
__ |
| a |
Место издания |
Москва |
| c |
Издательство |
1С-Паблишинг |
| c |
Издательство |
Агентство |
| d |
Дата издания |
2013 |
| 215 |
Физическое описание |
__ |
| a |
Объем |
1 электрон. опт. диск (Audio CD) |
| c |
Иллюстрации/тип воспроизводства |
mp3, stereo |
| d |
Формат |
12х14 см |
| 225 |
Серия |
__ |
| a |
Серия |
1С: Аудиотеатр |
| 225 |
Серия |
__ |
| a |
Серия |
Зарубежная классика |
| 230 |
Специфическая характеристика материала: электронные ресурсы |
__ |
| a |
Обозначение и объем ресурса |
Электронные звуковые данные |
| 300 |
Общие примечания |
__ |
| a |
Общие примечания |
Запись 1954 г. |
| 323 |
Примечание о главных создателях, исполнителях, участниках |
__ |
| a |
Примечание о главных создателях, исполнителях, участниках |
Якут, В. |
| 323 |
Примечание о главных создателях, исполнителях, участниках |
__ |
| a |
Примечание о главных создателях, исполнителях, участниках |
Бабанова, М. |
| 323 |
Примечание о главных создателях, исполнителях, участниках |
__ |
| a |
Примечание о главных создателях, исполнителях, участниках |
Корабельникова, М. |
| 323 |
Примечание о главных создателях, исполнителях, участниках |
__ |
| a |
Примечание о главных создателях, исполнителях, участниках |
Пельтцер, Т. |
| 330 |
Аннотация |
__ |
| a |
Аннотация |
Роман "Домби и сын" великого английского писателя Чарльза Диккенса - один из лучших в мировой литературе: блистательный, остроумный, веселый и грустный одновременно. Гнетущую атмосферу лондонской действительности, в которую погружен главный герой романа, тонко передал Осип Мандельштам в одноименном стихотворении: "…У Чарльза Диккенса спросите, Что было в Лондоне тогда: Контора Домби в старом Сити И Темзы желтая вода. Дожди и слезы. Белокурый И нежный мальчик - Домби-сын; Веселых клэрков каламбуры Не понимает он один. В конторе сломанные стулья, На шиллинги и пенсы счет; Как пчелы, вылетев из улья, Роятся цифры круглый год…" |
| 333 |
Примечание о целевом назначении |
__ |
| a |
Примечание о целевом назначении |
12+. Для детей старше 12 лет |
| 337 |
Примечание о системных требованиях (электронные ресурсы) |
__ |
| a |
Примечание о системных требованиях (электронные ресурсы) |
Системные требования: ПК: MS Windows ; Pentium 100 ; RAM 16Mb ; монитор SVGA, 800x600 ; CD/DVD-ROM ; звуковая карта ; колонки или наушники ; мышь или аудиосистемы с поддержкой формата МР3: муз. центр ; CD/DVD-плеер и т.д. |
| 606 |
Тематические рубрики |
__ |
| a |
Основная рубрика |
Музыка и зрелищные искусства |
| 606 |
Тематические рубрики |
__ |
| a |
Основная рубрика |
Художественное радиовещание |
| 606 |
Тематические рубрики |
__ |
| a |
Основная рубрика |
Художественная литература |
| 606 |
Тематические рубрики |
__ |
| a |
Основная рубрика |
Литература Европы (произведения) |
| 610 |
Ключевые слова |
__ |
| a |
Ключевые слова |
английская литература |
| a |
Ключевые слова |
аудиопостановки |
| a |
Ключевые слова |
аудиоспектакли |
| a |
Ключевые слова |
зарубежная литература |
| a |
Ключевые слова |
иностранная литература |
| a |
Ключевые слова |
романы |
| 686 |
Индексы других классификаций |
__ |
| 2 |
Код системы |
rubbks |
| a |
Классификационный индекс |
85.381.3(2)-7я04 |
| 686 |
Индексы других классификаций |
__ |
| 2 |
Код системы |
rubbks |
| a |
Классификационный индекс |
84(4Вел)52-4я04 |
| 801 |
Источник записи |
_0 |
| a |
Страна |
ru |
| b |
Организация |
Муниципальное бюджетное учреждение культуры "Централизованная библиотечная система" г. Сургут (Центральная городская библиотека им. А. С. Пушкина) |
| c |
Дата составления |
20141114 |
| g |
Правила каталогизации |
КиК/Лукашук |
| 801 |
Источник записи |
_1 |
| a |
Страна |
ru |
| b |
Организация |
Муниципальное бюджетное учреждение культуры "Централизованная библиотечная система" г. Сургут (Центральная городская библиотека им. А. С. Пушкина) |
| c |
Дата составления |
20141114 |
| g |
Правила каталогизации |
КиК/Лукашук |
| 852 |
Данные о местонахождении |
__ |
| j |
Шифр хранения |
85.381.3(2)-7я04 |
| i |
Авторский знак |
Н 31 |
| 901 |
Тип документа |
__ |
| t |
Тип документа |
0 |
| 903 |
Характеристики (МАРС) |
__ |
| a |
Дата передачи |
20141114 |
| 969 |
Тип издания |
__ |
| a |
Тип издания |
аудиоспектакль; издание для слепых |
| 990 |
Данные о заказе (DOS) |
__ |
| j |
Количество экземпляров (DOS) |
2 |
| t |
N записи в КСУ для И/У (DOS) |
201411 |